000 00439nam a2200157Ia 4500
008 220204s9999 xx 000 0 und d
020 _a354066727X
082 _a581.2
_bPRE
100 _aDay, Peter R
245 0 _aPlant-fungal pathogen interaction : A classical and molecular view
260 _aBerlin
_bSpringer-Verlag
_c2001
650 _aPathotoxins
650 _aPhytopathogenic fungi
700 _aPrell, Hermann H
942 _cBK
999 _c41920
_d41920